| 000 | 00379nam a2200157Ia 4500 | ||
|---|---|---|---|
| 100 | _aGok/Nizamettin/ Khanna Nitin | ||
| 650 | _aAndroid | ||
| 942 | _cBK | ||
| 366 | _f20 | ||
| 654 | _aandroid | ||
| 245 | _aBuilding Hybrid android applications with JAVA and Javascript | ||
| 260 |
_bOreilly _c2013 |
||
| 082 |
_a5.133 _bKHA |
||
| 300 | _a140 | ||
| 546 |
_aENGLISH _celectronics |
||
| 999 |
_c30540 _d30540 |
||